Fundamentals of corporate finance / (Record no. 18239)

MARC details
000 -LEADER
fixed length control field 00821nam a22002415a 4500
005 - DATE AND TIME OF LATEST TRANSACTION
control field 20201128021047.0
008 - FIXED-LENGTH DATA ELEMENTS--GENERAL INFORMATION
fixed length control field 140423t2012 nyua fr 001 0 eng d
020 ## - INTERNATIONAL STANDARD BOOK NUMBER
International Standard Book Number 0077139550
020 ## - INTERNATIONAL STANDARD BOOK NUMBER
International Standard Book Number 9780077139551
040 ## - CATALOGING SOURCE
Original cataloging agency EG-ScBUE
Language of cataloging eng
Transcribing agency EG-ScBUE
082 04 - DEWEY DECIMAL CLASSIFICATION NUMBER
Edition number 22
Classification number 658.15
Item number FUN
245 00 - TITLE STATEMENT
Title Fundamentals of corporate finance /
Statement of responsibility, etc Stephen A. Ross ... [et al.]
250 ## - EDITION STATEMENT
Edition statement 1st ed.,
Remainder of edition statement Middle East ed.
260 ## - PUBLICATION, DISTRIBUTION, ETC. (IMPRINT)
Place of publication, distribution, etc New York :
Name of publisher, distributor, etc McGraw-Hill Hill Higher Education,
Date of publication, distribution, etc c.2012.
300 ## - PHYSICAL DESCRIPTION
Extent xli, 766 p. :
Other physical details ill. (some col.) ;
Dimensions 26 cm.
500 ## - GENERAL NOTE
General note Includes indexes.
650 #7 - SUBJECT ADDED ENTRY--TOPICAL TERM
9 (RLIN) 2321
Topical term or geographic name as entry element Corporations
General subdivision Finance.
Source of heading or term BUEsh
650 #7 - SUBJECT ADDED ENTRY--TOPICAL TERM
9 (RLIN) 4982
Topical term or geographic name as entry element Financial statements.
Source of heading or term BUEsh
651 ## - SUBJECT ADDED ENTRY--GEOGRAPHIC NAME
Source of heading or term BUEsh
653 ## - INDEX TERM--UNCONTROLLED
Arrived date list April2014
-- July2015
-- December2015
Resource For college BAEPS, Business Administration
700 1# - ADDED ENTRY--PERSONAL NAME
9 (RLIN) 2319
Personal name Ross, Stephen A.
942 ## - ADDED ENTRY ELEMENTS (KOHA)
Source of classification or shelving scheme Dewey Decimal Classification
Call number prefix 658.15 FUN
Holdings
Withdrawn status Item status Source of classification or shelving scheme Damaged status Not for loan Vendor Home library Current library Shelving location Date acquired Source of acquisition Cost, normal purchase price Total Checkouts Full call number Barcode Date last seen Cost, replacement price Koha item type Serial Enumeration / chronology Total Renewals Date last borrowed
    Dewey Decimal Classification     Baccah Central Library Central Library First floor 23/04/2014   250.00   658.15 FUN 000035910 15/07/2025 312.50 NB - Book (Non borrowing)      
    Dewey Decimal Classification     Baccah Central Library Central Library First floor 02/07/2015 Purchase 1236.00 5 658.15 FUN 000039333 15/07/2025 1544.00 Book - Borrowing 22353 8 08/11/2018